[Event "Almaty Open 2019"]
[Site "Almaty"]
[Date "2019.10.08"]
[Round "2.11"]
[White "Stupak, Kirill"]
[Black "Bekturov, Tamerlan"]
[Result "1/2-1/2"]
[WhiteElo "2551"]
[BlackElo "2226"]
[Annotator "TA"]
[PlyCount "76"]
[EventDate "2019.10.07"]
[EventType "swiss"]
[EventCountry "KAZ"]
[SourceTitle "playchess.com"]
[Source "ChessBase"]
[SourceQuality "1"]

{[%evp 9,76,0,0,0,-15,-6,-10,-6,12,17,10,8,16,29,51,33,29,0,73,77,60,41,44,48,25,35,212,209,290,298,236,97,85,70,70,68,74,40,48,25,28,24,41,29,42,8,17,0,0,0,0,0,0,-94,-70,-209,-61,-77,-94,-73,-19,-16,0,0,0,0,0,0,0]} 1. d4 Nf6 2. c4 e6 3. Nf3 d5 4. Bg5 Bb4+ 5. Nbd2 dxc4 6. e3 {D30: Queen's Gambit Declined: Systems without Nc3} (6. e4 Bxd2+ 7. Nxd2 Qxd4 8. Qc2 Nc6 9. Bxc4 h6 10. Be3 Qd6 11. Bb5 Bd7 12. O-O-O Nb4 13. Bxd7+ Nxd7 {½-½ (56) Mamedyarov,S (2817)-Harikrishna,P (2729) Kolkata 2018}) 6... b5 7. a3 Bxd2+ 8. Nxd2 a6 $146 ({Predecessor:} 8... Bb7 9. b3 c3 10. Nb1 a6 11. Nxc3 Nbd7 12. b4 h6 13. Bh4 Qe7 {1-0 (76) Girya,O (2461)-Solozhenkina,E (2330) Antalya 2019}) 9. b3 cxb3 10. Nxb3 Bb7 11. Nc5 Bc6 12. Qc2 {[%mdl 1024] White has compensation.} Qd5 13. Bf4 Ra7 (13... Nbd7 $11) 14. f3 $16 Nh5 15. Be5 (15. e4 $5 {[%cal Re4d5]} Qxd4 16. Rd1 $16) 15... f6 $1 {[%cal Rf6e5]} 16. Bg3 Nxg3 17. hxg3 {And now a4 would win.} f5 $2 {[#]} (17... Nd7 $14) 18. a4 $1 $18 bxa4 19. Bc4 Qd6 20. Kf2 (20. Nxe6 $18 Qxg3+ 21. Kf1) 20... Bd5 $16 21. Bxd5 Qxd5 22. Qxa4+ c6 $1 23. Rab1 O-O 24. Nd3 Nd7 25. Rhc1 Rc8 26. Qa3 {[#] Hoping for Nf4.} e5 27. dxe5 Nxe5 28. Nf4 Qf7 29. Rc5 Re8 30. Rbc1 Rd7 {Strongly threatening ...g5.} 31. R5c3 (31. Kf1 $11) 31... Rd2+ $17 32. Kg1 (32. Kf1 $15) 32... Qa2 (32... g5 $19 33. Nh3 g4 34. fxg4 Qd5) 33. Qb3+ Qxb3 34. Rxb3 Red8 ({Black should try} 34... g5 $17 35. Nh5 Re6) 35. Ra3 $11 {The position is equal.} Nd3 36. Rxc6 Nxf4 37. gxf4 Re2 38. Rcxa6 Rdd2 {Accuracy: White = 47%, Black = 53%.} 1/2-1/2

[Event "Almaty Open 2019"]
[Site "Almaty"]
[Date "2019.10.08"]
[Round "2.12"]
[White "Harutyunian, Tigran K."]
[Black "Baimurzin, Aitkazy"]
[Result "1-0"]
[WhiteElo "2535"]
[BlackElo "2036"]
[Annotator "TA"]
[PlyCount "63"]
[EventDate "2019.10.07"]
[EventType "swiss"]
[EventCountry "KAZ"]
[SourceTitle "playchess.com"]
[Source "ChessBase"]
[SourceQuality "1"]

{[%evp 9,63,14,15,12,28,27,37,18,18,16,22,18,40,20,30,0,0,0,0,0,0,0,0,0,5,0,33,25,22,22,39,37,52,-34,0,-20,215,0,283,296,275,281,277,226,215,206,180,197,213,166,340,330,341,331,513,517]} 1. Nf3 e6 2. g3 b5 3. Bg2 Bb7 4. O-O c5 5. d3 d6 6. e4 {A04: Unusual lines after 1 Nf3 and King's Indian Attack} Nd7 7. a4 b4 8. a5 {White is slightly better.} Rb8 $146 ({Predecessor:} 8... Be7 9. a6 Bc6 10. c3 bxc3 11. Nxc3 {0-1 (43) Bologan,V (2686)-Ivanchuk,V (2764) Warsaw 2010}) 9. Nbd2 Ngf6 10. Nc4 Qc7 11. Re1 Be7 12. e5 dxe5 13. Nfxe5 Bxg2 14. Kxg2 Nxe5 15. Rxe5 O-O 16. Bf4 Qb7+ 17. Qf3 Rfd8 18. Qxb7 Rxb7 19. a6 Rbd7 20. Bg5 b3 21. cxb3 ({White should play} 21. c3 $1 $14) 21... Rxd3 22. Na5 (22. b4 {looks sharper.} cxb4 23. Be3 R3d7 24. Rb5 Nd5 25. Rb7) 22... R8d5 $2 {[#]} (22... Rc8 $11) 23. Rxd5 $2 (23. Nc6 $18 Rd7 24. Nxe7+ Rxe7 25. Rxc5) 23... Rxd5 $4 {[%mdl 8192]} (23... Nxd5 $11 {and Black has nothing to worry.} 24. Bxe7 Nxe7) 24. Nc6 $18 Rd7 25. Ra5 Bf8 26. Rb5 Rc7 {[#]} 27. Na5 $1 Nd5 28. Rb7 f6 29. Bd2 Be7 $2 (29... g5 30. Bc3 g4 31. Bxf6 Rf7) 30. Nc4 Rc6 31. Rxa7 Nc7 (31... Kf8 $142 32. Ba5 g5) 32. Na5 {Accuracy: White = 55%, Black = 37%.} 1-0

[Event "Almaty Open 2019"]
[Site "Almaty"]
[Date "2019.10.08"]
[Round "2.13"]
[White "Sisabayev, Kuanysh"]
[Black "Bizhigitov, Zhangir"]
[Result "1/2-1/2"]
[WhiteElo "2289"]
[BlackElo "2018"]
[Annotator "TA"]
[PlyCount "177"]
[EventDate "2019.10.07"]
[EventType "swiss"]
[EventCountry "KAZ"]
[SourceTitle "playchess.com"]
[Source "ChessBase"]
[SourceQuality "1"]

{[%evp 17,177,24,39,31,50,18,97,70,62,-30,-33,-20,21,-18,33,-78,-81,-76,-35,-64,-18,-56,0,-53,-54,-75,-38,-135,-31,-152,-62,-56,-58,-70,-56,-157,-116,-230,-105,-107,-71,-89,-53,-53,-53,-214,-216,-215,-222,-212,-220,-194,-212,-213,-209,-524,-526,-505,-416,-362,-208,-300,-196,-194,-100,-100,-90,-206,-223,-210,-212,-197,-95,-95,-93,-106,-73,-73,-75,-75,-20,-75,-76,-82,-89,-134,-134,-134,-134,-128,-110,-111,-111,-149,-143,-155,-155,-228,-149,-228,-225,-225,-162,-162,-162,-162,-162,-170,-170,-225,-225,-225,-18,-18,-18,-18,-18,-18,-18,-18,-18,-18,-18,-18,0,-18,-18,-18,-18,-37,-18,-18,-18,-18,-18,-18,-18,-18,-18,-18,-18,-18,-18,-18,-18,-18,-18,-18,-20,-27,0,0,0,0,0,0,0,0,0,0,0,0]} 1. d4 Nf6 2. c4 g6 3. g3 Bg7 4. Bg2 O-O 5. Nc3 d6 6. e4 e5 7. d5 Nbd7 8. Nge2 Ne8 9. O-O f5 10. Be3 {E72: King's Indian: 4 e4 d6 5 g3} Nef6 11. Qd2 Qe8 $146 (11... f4 $11 12. gxf4 Ng4) ({Predecessor:} 11... Ng4 12. Bg5 Bf6 13. Bxf6 Ngxf6 14. exf5 gxf5 15. Qg5+ Kh8 16. Qxf5 Nxd5 17. Qd3 N5f6 {½-½ (41) Lehtosaari,K (1978)-Pitzl,K (2008) Vienna 2015}) 12. Nb5 {White is better.} Qd8 13. Bg5 (13. exf5 $14 a6 14. Na7) 13... a6 $11 14. Nbc3 Qe8 (14... f4 $5) 15. b4 Nh5 ({Better is} 15... f4 $11) 16. f3 (16. exf5 $1 $14 {stays ahead.} gxf5 17. f3) 16... f4 $1 $17 17. g4 Nhf6 (17... h6 $5 {[%cal Rh6g5]} 18. Bh4 (18. gxh5 hxg5 19. hxg6 Nf6 $17) 18... Nhf6 $11) 18. Nc1 Rf7 19. Bh4 h6 (19... h5 $1 $15) 20. Nb3 (20. Bf2 $11) 20... g5 $15 21. Bf2 h5 $1 22. h3 (22. Qe2 $1 $15) 22... Nf8 ({Black should try} 22... Nxg4 $17 23. hxg4 (23. fxg4 hxg4 24. Rad1 Nf6 $15) 23... hxg4) 23. Qd3 (23. Qe2 $15) 23... Ng6 (23... Nxg4 $17 24. fxg4 (24. hxg4 hxg4 25. fxg4 Bxg4 $15) 24... hxg4 25. hxg4 Bxg4) 24. Nd2 Bf8 25. Rfc1 Rh7 26. Ne2 (26. Qe2 $15) 26... Bd7 27. Nf1 (27. a3 $17) 27... Qf7 (27... hxg4 $19 {has better winning chances.} 28. hxg4 Be7) 28. Nh2 $17 Qg7 29. Kf1 Be7 30. Ke1 Rf8 31. Kd2 $2 (31. Bf1 $15) 31... hxg4 $1 $19 32. fxg4 {[#]} Nxg4 $1 {[%mdl 512]} 33. Nxg4 {Threatens to win with Qf3.} f3 $1 {[%cal Rf3g2][%mdl 64] Deflection} 34. Bxf3 Rxh3 35. Bg3 Nh4 $1 36. Bh1 $2 (36. Rf1) 36... Bxg4 37. Rf1 Rxf1 38. Rxf1 Ng6 (38... Bxe2 $142 39. Kxe2 g4) 39. Bg2 (39. Bf3 $142 Bd7 40. Bg2) 39... Bxe2 40. Kxe2 Nf4+ (40... Rh7 $19 41. Qc2 Nf4+ 42. Kd1 g4) 41. Rxf4 $17 {And now Rf5 would win.} Rxg3 (41... gxf4 $6 42. Bxh3 fxg3 43. Qf3 $11) 42. Qxg3 (42. Rf8+ $17 {was the only defense.} Kxf8 43. Qxg3) 42... exf4 $19 43. Qg4 Qb2+ {[%mdl 64] Double Attack} 44. Kf1 Qc1+ (44... Qxa2 45. Qe6+ Kf8 46. Qh6+ Kg8 47. Qg6+ Kf8 48. Qh6+ Kg8 49. Qg6+ Kf8 50. Qh6+ $11) (44... Qa1+ $1 $19 45. Kf2 Qd4+ 46. Kf1 Qxc4+ 47. Kg1 Qd4+ 48. Kh2 Qh8+ 49. Bh3 Qb2+ 50. Bg2 Qe5) 45. Kf2 $17 Qd2+ ({Don't play} 45... Qxc4 $6 46. Qe6+ Kf8 47. Qh6+ Kg8 48. Qe6+ Kf8 49. Qh6+ Kg8 50. Qe6+ $11) 46. Kf1 Qd3+ ({But not} 46... Qxa2 $6 47. Qe6+ Kf8 48. Qh6+ Kg8 49. Qg6+ Kf8 50. Qh6+ Kg8 51. Qg6+ Kf8 52. Qh6+ $11) 47. Kg1 Qe3+ ({Reject} 47... Qxc4 48. Qe6+ Kf8 49. Qh6+ Kg8 50. Qe6+ Kf8 51. Qh6+ Kg8 52. Qe6+ $11) 48. Kh2 Bf6 (48... Kg7 $17 49. Qh3 Qxh3+ 50. Kxh3 Kf6) 49. Qc8+ (49. c5 $11) 49... Kg7 {...Qg3+ is the strong threat.} 50. Qd7+ Kh6 {Hoping for ...Qg3+.} 51. Qh3+ Qxh3+ 52. Kxh3 {[%mdl 4096] Endgame KB-KB} Bc3 53. b5 a5 {[%cal Ba6a5,Ba5a4,Ba4a3][%mdl 32]} 54. Kg4 Kg6 55. Bh3 Kf6 56. Bg2 b6 57. Bf3 (57. a4 $17) 57... Bd2 58. Kh5 {[#]} (58. a4 $17 {was called for.}) 58... a4 $1 $19 59. Kg4 a3 60. Kh5 Ke5 61. Kxg5 Kd4 62. Kf5 Kxc4 63. Be2+ (63. e5 $142 dxe5 64. Ke4) 63... Kd4 64. Bf3 {[#] and the idea Kg4 leaves White hopeful.} Ke3 $2 (64... Kc3 $1 $19 {[%cal Rc3b2] aiming for ...Kb2.} 65. e5 dxe5) 65. Kg4 $11 Bc3 66. Bg2 Be5 67. Bf3 Kd2 68. Bg2 $1 Ke2 69. Bf3+ Kf2 70. Bd1 Ke3 71. Bf3 Bb2 72. Bg2 Bc1 73. Bf3 Kd4 74. Bg2 $1 Be3 75. Kf3 Kc5 76. Bf1 $1 Kb4 77. Be2 Kc3 78. Bf1 Kc2 79. Be2 Kb1 80. Bc4 Kb2 81. Kg2 Kc3 82. Be2 Bd4 83. Kf3 Be5 84. Bf1 {The position is equal.} Kc2 (84... Kb2 $5 85. Bc4 $8 Kc3 $11) 85. Be2 Kd2 86. Bf1 Ke1 87. Bc4 Kd1 88. Be2+ Kd2 89. Bf1 {Accuracy: White = 45%, Black = 49%.} 1/2-1/2

[Event "Almaty Open 2019"]
[Site "Almaty"]
[Date "2019.10.08"]
[Round "2.14"]
[White "Dauletova, Gulmira"]
[Black "Zhakshylykov, Erzhan"]
[Result "1-0"]
[WhiteElo "2259"]
[BlackElo "1999"]
[Annotator "TA"]
[PlyCount "57"]
[EventDate "2019.10.07"]
[EventType "swiss"]
[EventCountry "KAZ"]
[SourceTitle "playchess.com"]
[Source "ChessBase"]
[SourceQuality "1"]

{[%evp 10,57,31,3,20,-13,27,27,29,24,41,6,24,29,13,13,28,-39,-35,-75,42,28,68,89,65,53,64,83,69,82,214,215,200,222,193,201,158,191,283,196,660,648,995,961,1396,1393,1310,1281,2560,2461]} 1. e4 c5 2. Nf3 d6 3. d4 cxd4 4. Nxd4 Nf6 5. Nc3 a6 6. Nb3 e6 {B90: Sicilian Najdorf: Unusual White 6th moves, 6 Be3 Ng4 and 6 Be3 e5} (6... Nbd7 7. Be3 h5 8. a4 g6 9. a5 Bg7 10. Be2 b5 11. axb6 Nxb6 12. h3 Qc7 13. Qd4 Rb8 14. Bxa6 {½-½ (31) Svidler,P (2729)-Vachier Lagrave,M (2774) Khanty-Mansiysk 2019}) 7. Be3 Nc6 8. f4 Be7 {White has an edge.} 9. Qf3 Qc7 10. g4 b5 {[%cal Bb7b5,Bb5b4][%mdl 32]} 11. g5 Nd7 12. O-O-O Bb7 13. Qh3 $146 ({Better is} 13. a3 $11) ({Predecessor:} 13. h4 Nc5 14. Kb1 b4 15. Nxc5 dxc5 16. Na4 Na7 17. f5 Qc6 18. fxe6 fxe6 19. Bc4 {½-½ (19) Antoms,G (2345)-Neiksans,A (2559) Wroclaw 2014}) 13... b4 $15 14. Nb1 {[%cal Bc3b1,Bb1d2,Bd2c4][%mdl 32]} Na5 (14... O-O $17) 15. N1d2 $14 Rc8 {[%csl Gc8][%cal Rc7c2] [#]} 16. Bd3 Nxb3+ 17. axb3 Nc5 18. Bxc5 $1 Qxc5 19. g6 Bf6 (19... fxg6 $16 20. Qxe6 Rc7) 20. Nc4 $18 {[#] Hoping for Nxd6+!} ({Stronger than} 20. gxh7 Qd4 $15) 20... d5 21. exd5 Bxd5 22. Rhe1 (22. gxh7 Bxh1 23. Rxh1 Qd4 $17) 22... Ke7 23. gxf7 {Strongly threatening Bf5.} Kxf7 (23... Rhd8 {might work better.} 24. Kb1 (24. Qxh7 Qd4 $16) 24... Qf2 25. Qxh7 Qxf4) 24. f5 Rc6 $2 (24... g6 25. Ne5+ {[%mdl 64] Discovered Attack} (25. fxe6+ Kg7 $16) 25... Kg7) 25. Ne5+ {White is clearly winning.} Bxe5 26. Rxe5 Qd4 27. fxe6+ Ke7 28. Qf5 Rc5 29. Bc4 {Accuracy: White = 67%, Black = 29%.} 1-0

[Event "Almaty Open 2019"]
[Site "Almaty"]
[Date "2019.10.08"]
[Round "2.15"]
[White "Zhukenov, Aituar"]
[Black "Balabayeva, Xeniya"]
[Result "0-1"]
[WhiteElo "2196"]
[BlackElo "1986"]
[Annotator "TA"]
[PlyCount "68"]
[EventDate "2019.10.07"]
[EventType "swiss"]
[EventCountry "KAZ"]
[SourceTitle "playchess.com"]
[Source "ChessBase"]
[SourceQuality "1"]

{[%evp 16,94,14,15,29,22,15,22,18,8,19,-3,43,33,41,36,36,0,35,0,0,-14,-15,-64,-61,-59,-30,-33,-46,-66,-34,-38,-41,-65,-75,-79,-78,-93,-77,-117,-113,-120,-115,-109,-97,-162,-158,-171,-174,-202,-187,-208,-209,-260,-262,-295,-314,-381,-277,-455,-439,-410,-295,-489,-485,-470,-456,-664,-487,-470,-491,-462,-424,-431,-408,-754,-744,-762,-677,-636,-429]} 1. e4 c5 2. Nf3 Nc6 3. d4 cxd4 4. Nxd4 Nf6 5. Nc3 e6 6. Nxc6 bxc6 7. e5 Nd5 8. Ne4 Qc7 9. f4 Rb8 {B45: Sicilian Four Knights} 10. Bd3 Qb6 11. a3 Be7 {The position is equal.} 12. c4 $146 ({Predecessor:} 12. Qf3 Ba6 13. Bxa6 Qxa6 14. Qe2 Qa5+ {½-½ (14) Karjakin,S (2747)-Radjabov,T (2748) Plovdiv 2010}) 12... f5 $1 {[%cal Rf5e4]} 13. Nf2 (13. Ng5 {is interesting.} Nxf4 14. Bxf4 Qd4 15. Qf3 Rxb2 16. Rd1) 13... Nc7 (13... Bc5 $5 {[%cal Rc5f2]} 14. Qf3 Ba6 $11) 14. O-O a5 15. Qh5+ g6 16. Qh6 {And now Qg7 would win.} Kf7 (16... Bf8 $5 {[%cal Rf8h6]} 17. Qh4 Be7 $11) 17. Kh1 Na6 18. Qh3 Nc5 19. b4 axb4 20. axb4 Nxd3 21. Qxd3 Bxb4 22. Ba3 {Hoping for Bxb4.} Bxa3 23. Qxa3 Qd4 24. Qg3 Qxc4 25. Qh4 {[#]} Qc5 $1 26. Qf6+ Kg8 27. Qd8+ Qf8 28. Qc7 Rb7 29. Qa5 Kf7 30. h3 (30. Nd3 $17) 30... Rb5 31. Qe1 Bb7 32. Nd1 c5 33. Ne3 Rb4 34. Qc3 Bc6 {Played: Qf8-h6} 0-1

[Event "Almaty Open 2019"]
[Site "Almaty"]
[Date "2019.10.08"]
[Round "2.16"]
[White "Nurgaliyev, Sauat"]
[Black "Kenzhalin, Nursultan"]
[Result "0-1"]
[WhiteElo "1995"]
[BlackElo "2185"]
[Annotator "TA"]
[PlyCount "154"]
[EventDate "2019.10.07"]
[EventType "swiss"]
[EventCountry "KAZ"]
[SourceTitle "playchess.com"]
[Source "ChessBase"]
[SourceQuality "1"]

{[%evp 13,153,56,64,13,52,43,72,46,46,50,50,39,37,0,7,2,29,26,21,17,29,28,37,10,19,17,50,24,12,16,12,0,0,0,0,-13,29,34,26,26,38,0,0,0,25,35,64,-29,-32,-43,-45,-53,-43,-50,-41,-215,-212,-173,-44,-183,-99,-182,-181,-162,-102,-123,-103,-124,-100,-253,-219,-224,-213,-288,-288,-336,-326,-314,-323,-300,-310,-297,-249,-399,-262,-434,-396,-366,-352,-350,-350,-321,-200,-1053,-685,-619,-624,-29964,-29969,-29966,-29954,-29968,-29970,-29965,-29974,-29975,-29975,-29976,-29976,-29977,-29978,-29982,-29977,-29984,-29985,-29986,-29985,-29985,-29985,-29985,-29986,-29986,-29987,-29988,-29988,-29990,-29991,-29991,-29992,-29992,-29993,-29993,-29994,-29995,-29995,-29996,-29997,-29997,-29998,-29998,-29999,-29999]} 1. d4 Nf6 2. Nf3 g6 3. g3 Bg7 4. Bg2 c6 5. O-O d6 6. c4 Bg4 7. Nc3 O-O 8. Qd3 {E62: King's Indian: Fianchetto: 6...c6 and Panno Variation (6...Nc6) without ...a6} (8. h3 $14 Bxf3 9. Bxf3 (9. exf3 d5 $14)) (8. h3 Bxf3 9. Bxf3 Nbd7 10. b3 Re8 11. Qc2 e5 12. Be3 d5 13. cxd5 Nxd5 14. Nxd5 exd4 15. Rad1 dxe3 16. Nxe3 Rxe3 17. fxe3 Qe7 18. Kg2 {½-½ (52) Usmanov,V (2483)-Kamsky,G (2675) St Petersburg 2018}) 8... Qc8 9. e4 Bh3 10. Bf4 $146 {White is better.} ({Predecessor:} 10. Ne2 Bxg2 11. Kxg2 Nh5 12. Bg5 f6 13. Be3 e5 14. d5 cxd5 15. Qxd5+ Kh8 16. Rac1 {1-0 (49) Kanceljak,D (1873)-Hlavac,I (1930) Busevec 2002}) 10... Bxg2 11. Kxg2 Nbd7 12. Rac1 Re8 13. h3 e5 14. dxe5 dxe5 15. Be3 Qc7 16. Rfd1 Bf8 17. Qc2 Rad8 18. Rd2 (18. Bxa7 $2 b6 $19) 18... Be7 19. Rcd1 ({But not} 19. Bxa7 $2 b6 $19) 19... Nb6 20. b3 Rxd2 21. Bxd2 Rd8 22. Bg5 Rxd1 23. Nxd1 Nbd7 24. Ne3 Nc5 25. Bxf6 $1 Bxf6 26. b4 Ne6 27. Qd3 h5 28. c5 b6 29. cxb6 axb6 30. Nc4 (30. a4 $1 $14) 30... b5 $11 31. Na5 h4 32. Qc3 c5 33. bxc5 Qxc5 34. Qd2 $2 (34. Qxc5 $15 Nxc5 35. Nd2) 34... hxg3 $19 35. fxg3 Nd4 (35... b4 $19 36. Nb7 Qc7) 36. Qd3 (36. Nb3 $15 Qc4 37. Nbxd4 exd4 38. e5) 36... Qb4 ({Better is} 36... Qc8 $19 37. Nb3 Nxf3 38. Qxf3 Qc2+ {[%mdl 64] Double Attack} 39. Kg1 Bd8) 37. Nxd4 (37. Nb3 $17) 37... exd4 ({Not} 37... Qxd4 38. Qxd4 exd4 39. Kf3 $16) ({And not} 37... Qxa5 38. Nxb5 Qxa2+ 39. Kf3 $15) 38. Nb3 Be5 (38... Qa4 $19 39. Qd2 {[#]} d3 $1 {[%mdl 512]}) 39. Kf2 Qa4 40. Qd2 Qc4 41. Na5 $2 (41. Nc1 $17 {was called for.}) 41... Qc7 42. Kf3 Bxg3 43. Nb3 Be5 44. Nxd4 Qd7 {[%mdl 64] [#] Double Attack} 45. Nb3 Qxh3+ 46. Ke2 Qg4+ 47. Kd3 Kg7 48. Qb4 (48. Qe2 $142 Qc8 49. Kd2) 48... Qg2 49. Nd2 $2 (49. Qd2 {was worth a try.} Qg4 50. Qe2) 49... Bf4 {Threatens to win with ...Qxd2+.} 50. Qd4+ Kh7 {[%csl Gf4][%cal Rg2d2]} 51. Nb3 Qxa2 52. Qd5 Qa7 53. Qxb5 $2 (53. Nd4) 53... Qe3+ 54. Kc2 Qxe4+ 55. Qd3 Qxd3+ {Black mates.} 56. Kxd3 {[%mdl 4096] Endgame KB-KN} Bb8 57. Ke4 f5+ 58. Kf3 g5 59. Nd4 Kg6 60. Nc6 Bd6 61. Nd4 g4+ 62. Kg2 Be5 63. Nc2 f4 64. Kf2 Kg5 65. Ne1 Bc7 66. Kg2 Kf5 67. Nd3 Bb6 68. Nb4 Ke4 69. Nc6 f3+ 70. Kg3 Bc7+ 71. Kf2 g3+ 72. Ke1 g2 73. Kf2 Bb6+ 74. Nd4 Bxd4+ 75. Kg3 g1=Q+ 76. Kh4 Kf4 {[%cal Rg1h2]} 77. Kh5 Qg5# {Accuracy: White = 31%, Black = 57%.} 0-1

[Event "Almaty Open 2019"]
[Site "Almaty"]
[Date "2019.10.08"]
[Round "2.18"]
[White "Malygin, Vladislav"]
[Black "Nukin, Tolegen"]
[Result "1-0"]
[WhiteElo "1941"]
[BlackElo "2104"]
[Annotator "TA"]
[PlyCount "57"]
[EventDate "2019.10.07"]
[EventType "swiss"]
[EventCountry "KAZ"]
[SourceTitle "playchess.com"]
[Source "ChessBase"]
[SourceQuality "1"]

{[%evp 16,57,52,50,58,47,114,61,73,50,65,45,59,39,35,23,59,58,281,282,318,307,287,175,1003,992,966,242,229,233,242,233,234,239,225,199,541,520,710,709,696,697,29998,1301]} 1. e4 c5 2. Nf3 e6 3. d4 cxd4 4. Nxd4 a6 5. Bd3 Nf6 6. O-O d6 7. c4 b6 8. Nc3 Bb7 9. f4 Nbd7 {B42: Sicilian: Kan Variation: 5 Bd3} (9... Be7 10. Be3 Nbd7 11. b4 O-O 12. a3 Rc8 13. Rc1 Re8 14. g4 e5 15. Nf5 exf4 16. Bxf4 Bf8 17. Bxd6 Ne5 18. Bxf8 Rxf8 {½-½ (37) Kryvoruchko,Y (2697)-Romanov,E (2614) Porto Carras 2018}) 10. Qe2 Qc7 (10... g6 $14) 11. Bd2 ({White should try} 11. g4 $1 $16) 11... Be7 $14 {White is slightly better.} 12. Rae1 O-O 13. Kh1 Rad8 14. Rf3 g6 15. Rg3 Kh8 16. f5 $146 {And now fxg6 would win.} ({Predecessor:} 16. Rh3 e5 17. Nf3 Nc5 {0-1 (27) Varga,D (2257)-Lavrik,D (2371) Sibenik 2007}) 16... e5 $2 {[#]} ({Black should play} 16... Nc5 $14) 17. fxg6 $1 $18 hxg6 18. Rh3+ Nh7 19. Nf3 {Qe3 is the strong threat.} f6 $2 (19... Kg7 20. Bh6+ (20. Qe3 Rh8 $16) 20... Kg8) 20. Nh4 Rg8 21. Qe3 $2 (21. Nd5 Bxd5 22. exd5) 21... Ndf8 22. Qh6 Qd7 23. Rg3 Qe8 24. Be3 Rb8 25. c5 {aiming for Bc4.} bxc5 $2 (25... g5 {is more resistant.}) 26. Bc4 Rg7 {[#]} 27. Nf5 $1 {[%csl Gf5][%cal Rh6g7][%mdl 576] Pin} Rf7 (27... gxf5 28. Qxg7#) 28. Rxg6 Bxe4 {[#]} 29. Nxe4 {Accuracy: White = 58%, Black = 32%.} (29. Rg8+ $142 $1 {[%mdl 512]} Kxg8 30. Qg7# {[%mdl 64] Pin}) 1-0

[Event "Almaty Open 2019"]
[Site "Almaty"]
[Date "2019.10.09"]
[Round "4.1"]
[White "Utegaliyev, Azamat"]
[Black "Fier, Alexandr"]
[Result "1/2-1/2"]
[WhiteElo "2503"]
[BlackElo "2541"]
[Annotator "TA"]
[PlyCount "33"]
[EventDate "2019.10.07"]
[EventType "swiss"]
[EventCountry "KAZ"]
[SourceTitle "playchess.com"]
[Source "ChessBase"]
[SourceQuality "1"]

{[%evp 9,20,-1,9,6,5,0,8,8,16,12,14,4,6]} 1. g3 g6 2. Bg2 Bg7 3. e4 c5 4. Nc3 Nc6 5. Nge2 e5 {The position is equal.} 6. Nd5 {B24: Closed Sicilian: 3 g3 sidelines} Nge7 7. Nec3 d6 8. d3 Nxd5 9. Nxd5 O-O 10. O-O Ne7 {Predecessor:} 11. c4 $146 Nxd5 12. cxd5 Bd7 13. Rb1 a5 14. f4 exf4 15. Bxf4 Qe7 16. Qd2 a4 17. Bg5 {0-1 (43) Maslak,K (2566)-Yakovich,Y (2525) St Petersburg 2012} 1/2-1/2

[Event "Almaty Open 2019"]
[Site "Almaty"]
[Date "2019.10.09"]
[Round "4.2"]
[White "Igambergenov, Alibek"]
[Black "Simantsev, Mikhail"]
[Result "1-0"]
[WhiteElo "2402"]
[BlackElo "2365"]
[Annotator "TA"]
[PlyCount "73"]
[EventDate "2019.10.07"]
[EventType "swiss"]
[EventCountry "KAZ"]
[SourceTitle "playchess.com"]
[Source "ChessBase"]
[SourceQuality "1"]

{[%evp 27,73,71,64,66,63,63,47,47,39,52,62,59,60,0,0,22,48,55,60,29,60,62,60,64,111,109,232,184,161,175,174,172,148,140,208,204,428,257,415,410,412,350,539,480,477,410,304,253]} 1. Nf3 ({Predecessor:} 1. c4 Nf6 2. g3 e6 3. Nf3 d5 4. b3 c5 5. Bg2 Be7 6. Bb2 O-O 7. O-O Nc6 8. e3 b6 9. Nc3 {1-0 (32) Curtacci,S-Steffan,J ICCF corr 1985}) 1... Nf6 2. c4 b6 3. g3 Bb7 4. Bg2 e6 5. O-O Be7 6. Nc3 O-O 7. b3 d5 8. e3 c5 9. Bb2 Nc6 10. cxd5 Nxd5 11. Nxd5 Qxd5 12. d4 Rad8 13. Ne5 Qd6 14. dxc5 Qxc5 15. Nd7 {A14: English Opening: 1...e6 with b3 by White} Qf5 $146 {And now ...e5 would win.} (15... Qg5 16. h4 Qh6 17. Rc1 Na5 18. Rc7 Bxg2 19. Kxg2 Rfe8 20. Qf3 e5 21. Nxe5 Qe6 22. Rxa7 f6 {1-0 (60) Howell,D (2650)-Neiksans,A (2572) Tromsoe 2014}) 16. e4 Qg5 {Threatens to win with ...Bc8.} 17. h4 {White is slightly better.} Qh6 18. Bc1 g5 19. hxg5 $1 Qg7 20. Nf6+ (20. e5 $5) 20... Bxf6 21. gxf6 Qxf6 22. Qg4+ Qg6 23. Qxg6+ hxg6 24. Bh6 Rfe8 25. Bg5 Rd4 {[#]} 26. e5 $1 {[%mdl 512]} Ba8 (26... Rc8 $16) (26... Nxe5 27. Bxb7) 27. Rfc1 Nb4 {[#]} 28. Rc7 $1 Bxg2 29. Kxg2 Nd5 30. Rxa7 Re4 (30... Rc8 $16 31. Rh1 Re4) 31. Bf6 $1 $18 g5 $2 (31... Nxf6 32. exf6 Rd4) 32. Rc1 Rf8 $2 (32... Nxf6 33. exf6 Rb8) 33. Rh1 {[%csl Gf6][%cal Rh1h8]} Nxf6 34. exf6 Re5 (34... Rb8 $142 35. Rh5 Re5) 35. Rb7 b5 36. Rh5 Rf5 37. f4 {Accuracy: White = 77%, Black = 40%.} 1-0